000 00330nam a22001457a 4500
003 OSt
005 20211224084548.0
008 211224b |||||||| |||| 00| 0 eng d
020 _a0340697504
040 _cHU
082 _a004.6STA/1997
100 _aStephen
_924809
245 _aTeach Yourself Access 7
942 _2ddc
_cBOOKS
_n0
999 _c23861
_d23861